Libro jubilar de Alfonso Reyes /
Salvato in:
| Altri autori: | , |
|---|---|
| Natura: | Libro |
| Lingua: | spagnolo |
| Pubblicazione: |
México :
UNAM, Dirección General de Difusión Cultural,
1956
|
| Soggetti: | |
| Tags: |
Nessun Tag, puoi essere il primo ad aggiungerne!!
|
MARC
| LEADER | 00000nam^a2200000^a^4500 | ||
|---|---|---|---|
| 001 | 000582058 | ||
| 005 | 20250521000000.0 | ||
| 009 | 20260310132622.775 | ||
| 037 | |a Acervo Xavier Clavigero | ||
| 041 | |a ESP | ||
| 082 | |a 860. 97206 |b LIB | ||
| 245 | 0 | 0 | |a Libro jubilar de Alfonso Reyes / |c A. Alatorre... [et al.] ; introd. de J. García Terrés. |
| 264 | 1 | |a México : |b UNAM, Dirección General de Difusión Cultural, |c 1956 | |
| 300 | |a X, 416 p., [1 lámina] | ||
| 336 | |a texto |b txt |2 rdacontenido | ||
| 337 | |a sin mediación |b n |2 rdamedio | ||
| 338 | |a volumen |b nc |2 rdasoporte | ||
| 545 | 0 | |a Alfonso Reyes (Monterrey, 1889 - Ciudad de México, 1959) es uno de los grandes escritores del país y un destacado impulsor de la cultura en el México postrevolucionario, línea en la que destaca su participación en la creación del Ateneo de la Juventud, junto con Pedro Henríquez Ureña, Antonio Caso y José Vasconcelos, entre otros intelectuales interesados en trazar las líneas del México moderno. Formado en la Escuela Nacional de Jurisprudencia, su agudeza y curiosidad intelectual lo convirtieron en un profundo conocedor del pensamiento y la creación de la Grecia clásica, herencia de la que bebe toda su escritura, particularmente sus ensayos. Como diplomático vivió en París, España, Argentina y Brasil, entre 1920 y 1939, cuando regresó a México. Fue reconocido con numerosos premios, entre los que destaca el Premio Nacional de Ciencias y Artes en 1945. Es autor de una obra muy vasta, con el ensayo y la poesía en el centro de su creación. Unos pocos de sus títulos son: Cuestiones estéticas (1911), Visión de Anáhuac (1917), Ifigenia cruel (1924), Egloga de los ciegos (1925), Cuestiones gongorinas (1927), Discurso por Virgilio (1931), Romances del río de enero (1933), La crítica en la edad ateniense (1941), La experiencia literaria (1942), El deslinde (1944), La vega y el soto (1946), Los trabajos y los días (1946), Grata compañía (1948), Nuevos romances sordos (1954), Estudios helénicos (1957) y Crónica de Monterrey (1960). | |
| 546 | |a Contiene algunos textos en francés, en inglés y en portugués | ||
| 561 | |a Ex libris de Javier Martínez Rivera | ||
| 586 | |a Premio Nobel de Literatura 1945: Antologías | ||
| 586 | |a Premio Nobel de Literatura 1956: Antologías | ||
| 586 | |a Premio Nobel de Literatura 1990: Antologías | ||
| 586 | |a Premio Príncipe de Asturias de Comunicación y Humanidades 1993: Antologías | ||
| 586 | |a Premio Miguel de Cervantes 1976: Antologías | ||
| 586 | |a Premio Miguel de Cervantes 1981: Antologías | ||
| 586 | |a Premio de Literatura Latinoamericana y del Caribe Juan Rulfo 2002: Antologías | ||
| 586 | |a Premio Nacional de Ciencias y Artes, categoría Lingüística y Literatura (1°: 1945): Biografías, crítica e interpretación | ||
| 586 | |a Premio Nacional de Ciencias y Artes, categoría Lingüística y Literatura (28°: 1977): Antologías | ||
| 586 | |a Premio Nacional de Ciencias y Artes, categoría Lingüística y Literatura (31°: 1980): Antologías | ||
| 586 | |a Premio Nacional de Ciencias y Artes, categoría Lingüística y Literatura (49°: 1998): Antologías | ||
| 649 | |a XX | ||
| 650 | |a Escritores Mexicanos - |x Homenajes | ||
| 650 | |a Ensayos Jaliscienses | ||
| 650 | |a Ensayos Mexicanos | ||
| 650 | |a Literatura Mexicana - |x Historia y Crítica | ||
| 650 | |a Literatura Jalisciense - |y Siglo XX | ||
| 650 | |a Literatura Mexicana - |y Siglo XX | ||
| 650 | |a Reyes, Alfonso - |x Tema Principal | ||
| 700 | |a Alatorre, Antonio |e (autor) | ||
| 700 | |a García Terrés, Jaime |e (introducción) | ||
| 910 | |a Fondo General | ||
| 920 | |a Impresos - Libros | ||
| 930 | |a Colección General | ||
| 940 | |a Literatura | ||
| 905 | |a 101 | ||
| 901 | |a 067931 |b IT1 |c LIT |i 067931 |u 20250521 | ||
| 902 | |a https://opac.biblio.iteso.mx/vufind/Record/000582058 | ||